Find the Historic Counties of Wales (Picture Click) Quiz Stats

 Plays Quiz not verified by Sporcle

Support Sporcle.
Go Orange.
Score 0/13 Timer 04:00
0 Plays Today
% Correct
Anglesey
91.2%
Pembrokeshire
83.4%
Glamorgan
81%
Cardiganshire
80.5%
Flintshire
77.3%
Monmouthshire
76.7%
Caernarfonshire
75.2%
Denbighshire
73.8%
Carmarthenshire
73.4%
Montgomeryshire
70.7%
Brecknockshire
70.3%
Merionethshire
70%
Radnorshire
69.3%

You're not logged in!

Compare scores with friends on all Sporcle quizzes.
OR
Log In

From the Vault

Sounds Almost the Same Slideshow

by slipkid

Well, they sort of sound the same if you squint your eyes.
Remove Ads.
Support Sporcle.
Get the best of Sporcle when you Go Orange. This ad-free experience offers more features, more stats, and more fun while also helping to support Sporcle. Thank you for becoming a member.

Show Comments

Extras

Top Quizzes Today


Score Distribution

Your Account Isn't Verified!

In order to create a playlist on Sporcle, you need to verify the email address you used during registration. Go to your Sporcle Settings to finish the process.

Report this User

Report this user for behavior that violates our Community Guidelines.

Details: